Технология изготовления сварных конструкций: учебное пособие

Bibliographic Details
Main Author: Крампит Н. Ю. Наталья Юрьевна
Corporate Author: Национальный исследовательский Томский политехнический университет (ТПУ) Юргинский технологический институт (ЮТИ)
Other Authors: Крампит А. Г. Андрей Гарольдович
Summary:Заглавие с титульного экрана
Электронная версия печатной публикации
В пособии рассмотрены конструктивные особенности различных типов сварных изделий, вопросы организации производства сварных конструкций на различных предприятиях. Предназначено для студентов, обучающихся по специальности 150202 «Оборудование и технология сварочного производства».
Режим доступа: из корпоративной сети ТПУ
Language:Russian
Published: Томск, Изд-во ТПУ, 2010
Subjects:
Online Access:http://www.lib.tpu.ru/fulltext2/m/2011/m315.pdf
Format: Electronic Book
KOHA link:https://koha.lib.tpu.ru/cgi-bin/koha/opac-detail.pl?biblionumber=201208

MARC

LEADER 00000nlm0a2200000 4500
001 201208
005 20231101225019.0
035 |a (RuTPU)RU\TPU\book\219308 
090 |a 201208 
100 |a 20110922d2010 m y0rusy50 ca 
101 0 |a rus 
102 |a RU 
105 |a a j 001zy 
135 |a drcn ---uucaa 
181 0 |a i  
182 0 |a b 
200 1 |a Технология изготовления сварных конструкций  |b Электронный ресурс  |e учебное пособие  |f Н. Ю. Крампит, А. Г. Крампит  |g Национальный исследовательский Томский политехнический университет (ТПУ), Юргинский технологический институт (ЮТИ) 
203 |a Текст  |c электронный 
210 |a Томск  |c Изд-во ТПУ  |d 2010 
230 |a 1 компьютерный файл (pdf; 2.0 MB) 
300 |a Заглавие с титульного экрана 
300 |a Электронная версия печатной публикации 
330 |a В пособии рассмотрены конструктивные особенности различных типов сварных изделий, вопросы организации производства сварных конструкций на различных предприятиях. Предназначено для студентов, обучающихся по специальности 150202 «Оборудование и технология сварочного производства». 
333 |a Режим доступа: из корпоративной сети ТПУ 
337 |a Adobe Reader 
452 1 |0 (RuTPU)RU\TPU\book\199140  |t Технология изготовления сварных конструкций  |o учебное пособие  |f Н. Ю. Крампит, А. Г. Крампит  |g Национальный исследовательский Томский политехнический университет (ТПУ)  |e 2-е изд., испр. и доп.  |c Томск  |n Изд-во ТПУ  |d 2010  |p 119 с.  |a Крампит, Наталья Юрьевна 
606 1 |a Сварные конструкции  |x Производство  |x Механизация  |2 stltpush  |3 (RuTPU)RU\TPU\subj\53958  |9 72122 
610 1 |a электронный ресурс 
610 1 |a труды учёных ТПУ 
610 1 |a учебные пособия 
610 1 |a сварные изделия 
610 1 |a сварные балки 
610 1 |a корпусные транспортные конструкции 
610 1 |a листовые конструкции 
610 1 |a детали машин 
610 1 |a сварка 
610 1 |a приборы 
610 1 |a крупносерийное производство 
610 1 |a серийное производство 
675 |a 621.791(075.8)  |v 3 
700 1 |a Крампит  |b Н. Ю.  |c специалист в области сварочного производства  |c доцент Юргинского технологического института (филиала) Томского политехнического университета, кандидат технических наук  |g Наталья Юрьевна  |2 stltpush  |3 (RuTPU)RU\TPU\pers\24312 
701 1 |a Крампит  |b А. Г.  |c специалист в области сварочного производства  |c доцент Юргинского технологического института (филиала) Томского политехнического университета, кандидат технических наук  |g Андрей Гарольдович  |2 stltpush  |3 (RuTPU)RU\TPU\pers\25093 
712 0 2 |a Национальный исследовательский Томский политехнический университет (ТПУ)  |b Юргинский технологический институт (ЮТИ)  |c (2009- )  |2 stltpush  |3 (RuTPU)RU\TPU\col\15903 
801 1 |a RU  |b 63413507  |c 20110922 
856 4 |u http://www.lib.tpu.ru/fulltext2/m/2011/m315.pdf 
942 |c CF